| 000 | 00647cam a22002058i 4500 | ||
|---|---|---|---|
| 020 | _a9780077507985 (hard copy : alk. paper) | ||
| 020 | _a0077507983 (hard copy : alk. paper) | ||
| 040 | _cDLC | ||
| 082 | 0 | 0 | _a302 MCG 2012 A115 Or. |
| 100 | 1 | _aBaran, Stanley J. | |
| 245 | 1 | 0 |
_aIntroduction to mass communication : _bmedia literacy and culture, updated edition / |
| 250 | _aUpdated Eighth Edition. | ||
| 300 | _apages cm | ||
| 500 | _aIncludes index. | ||
| 500 | _aUpdated revision of the Eighth edition published in 2014. | ||
| 650 | 0 | _aMass media. | |
| 650 | 0 | _aMass media and culture. | |
| 650 | 0 | _aMedia literacy. | |
| 942 | _cAEDBB | ||
| 999 |
_c17483 _d17483 |
||